Statistiken für Top 10 Länder in Tierfisch

Klicken Sie hier um das Quiz zu spielen!

Allgemein

  • Dieses Quiz wurde 98 mal gespielt
  • Das Durchschnittsergebnis liegt bei 7 aus 10

Antwortstatistiken

*Land% Korrekt
57.75Vereinigte Staaten
94%
2Deutschland
80%
26.5Brasilien
79%
0.74Russland
76%
20.5Australien
74%
37.3Frankreich
72%
1.54Italien
71%
20Vereinigtes Königreich
66%
1.67Neuseeland
58%
0.7Niederlande
35%

Verteilung der Resultate

Perzentil nach korrekt beantworteten Fragen

Anzahl Personen mit jedem Resultat

Ihre Resultats-Entwicklung

Sie haben dieses Quiz noch nicht gespielt